000 01373cam a2200361 a 4500
999 _c77332
_d314609
001 3507018
003 OSt
005 20191121204855.0
008 950811s1995 enka b 001 0 eng c
020 _a0750303433
040 _aDNLM/DLC
_cDLC
_dDLC
050 0 0 _aRM950
_b.C66 1995
060 1 0 _aWB 26 C778r 1995
082 0 0 _a617.03
_222
_bCRR
100 1 _aCooper, Rory A.
_975227
245 1 0 _aRehabilitation engineering applied to mobility and manipulation / Rory A. Cooper.
260 _aBristol ;
_aPhiladelphia :
_bInstitute of Physics Pub.,
_cc1995.
300 _axviii, 516 p. :
_bill. ;
_c24 cm.
504 _aIncludes bibliographical references and index.
650 0 _aRehabilitation technology.
_975228
650 0 _aHuman mechanics.
_975229
650 0 _aWheelchairs.
_975230
650 0 _aManipulation (Therapeutics)
_975231
650 1 2 _aRehabilitation
_xinstrumentation.
_975232
650 2 2 _aBiomedical Engineering.
_975233
650 2 2 _aEquipment Design.
_975234
650 2 2 _aWheelchairs
_xstandards.
_975235
856 4 2 _uhttp://www.loc.gov/catdir/enhancements/fy0665/95038066-d.html
942 _2ddc
_cBOOK
440 0 _aMedical science series
_975236
906 _a7
_bcbc
_corignew
_d1
_eocip
_f19
_gy-gencatlg